书目信息 |
| 题名: |
拓扑空间论
|
|
| 作者: | 儿玉之宏 , 永见启应 著 ;方嘉琳 译 | |
| 分册: | ||
| 出版信息: | 北京 科学出版社 1984 |
|
| 页数: | 412页 | |
| 开本: | 21cm | |
| 丛书名: | ||
| 单 册: | ||
| 中图分类: | O189.11 | |
| 科图分类: | ||
| 主题词: | 拓扑空间 , 几何 , 拓扑 | |
| 电子资源: | ||
| ISBN: | ||
| 000 | 00781nam0 2200289 45 | |
| 001 | 0184002353 | |
| 005 | 20060524085643.95 | |
| 010 | @dCNY2.45 | |
| 091 | @a13031.2488 | |
| 100 | @a19950620d1984 em y0chiy0121 ea | |
| 101 | 1 | @achi@cjpn |
| 102 | @aCN@b110000 | |
| 105 | @ay z 000yy | |
| 106 | @ar | |
| 200 | 10 | @a拓扑空间论@Atuo pu kong jian lun@f(日)儿玉之宏, (日)永见启应著@g方嘉琳译 |
| 210 | @a北京@c科学出版社@d1984 | |
| 215 | @a412页@d21cm | |
| 606 | @a拓扑空间 | |
| 606 | 0 | @a几何 |
| 606 | 0 | @a拓扑 |
| 690 | @aO189.11@v3 | |
| 701 | 0 | @a儿玉之宏@Aer yu zhi hong@4著 |
| 701 | 0 | @a永见启应@Ayong jian qi ying@4著 |
| 702 | 0 | @a方嘉琳@Afang jia lin@4译 |
| 801 | 0 | @aCN@b上海图书馆@c20060524 |
| 801 | 2 | @aCN@bNLC@c20040524 |
| 905 | @f1@b104195@dO189.11@e12 | |
| 拓扑空间论/(日)儿玉之宏, (日)永见启应著/方嘉琳译.-北京:科学出版社,1984 |
| 412页;21cm |
| ISBN :CNY2.45 |
| ● |
| 相关链接 |
|
|
|
|
正题名:拓扑空间论
索取号:O189.11/12
 
预约/预借
| 序号 | 登录号 | 条形码 | 馆藏地/架位号 | 状态 | 备注 |
| 1 | 0104195 | 000397920 | 第三借阅区/ [索取号:O189.11/12] | 在馆 | |
| 2 | 0104196 | 202336917 | 密集书库/ [索取号:O189.11/12] | 在馆 |